[Event "Hessen-ch Seniors op 11th"]
[Site "Bad Sooden-Allendorf"]
[Date "2015.05.11"]
[Round "3"]
[White "Van Vorselen, Theo JM"]
[Black "Kahn, Peter"]
[Result "0-1"]
[WhiteElo "1784"]
[BlackElo "2108"]
[PlyCount "116"]
[EventDate "2015.05.09"]
[EventType "swiss"]
[EventRounds "9"]
[EventCountry "GER"]
[SourceTitle "EXT 2018"]
[Source "ChessBase"]
[SourceDate "2017.10.13"]
[SourceVersion "1"]
[SourceVersionDate "2017.10.13"]
[SourceQuality "1"]

1. e4 e5 2. Nf3 Nc6 3. Nc3 g6 4. d4 exd4 5. Nxd4 Bg7 6. Be3 d6 7. Qd2 Nge7 8. Be2 a6 9. 0-0 0-0 10. Rad1 Nxd4 11. Bxd4 Be6 12. Bxg7 Kxg7 13. Qd4+ Kg8 14. Rfe1 Nc6 15. Qd2 Qf6 16. b3 Rfe8 17. Nd5 Bxd5 18. exd5 Ne5 19. c4 b6 20. f4 Nd7 21. Bf3 a5 22. Kf2 Nc5 23. g3 Qf5 24. Kg2 Qf6 25. Kf2 Qg7 26. Kg2 Qf8 27. Kf2 Re7 28. Rxe7 Qxe7 29. Re1 Qd7 30. Qe2 Kf8 31. Bg4 f5 32. Bf3 Re8 33. Qxe8+ Qxe8 34. Rxe8+ Kxe8 35. Ke3 Ke7 36. Bg2 h6 37. h4 Kf6 38. Bf3 g5 39. hxg5+ hxg5 40. Bg2 gxf4+ 41. gxf4 a4 42. b4 Na6 43. a3 Nxb4 44. Kd2 Na6 45. Kc3 Nc5 46. Bf3 Kg6 47. Kd4 Nd7 48. Bd1 Nf6 49. Bxa4 Kh5 50. Bd1+ Kh4 51. Ke3 Kg3 52. Bc2 Ng4+ 53. Ke2 Kxf4 54. a4 Ne5 55. Bb3 Kg3 56. Kf1 f4 57. Ba2 f3 58. Bb3 Ng4 0-1

[Event "Hessen-ch Seniors op 11th"]
[Site "Bad Sooden-Allendorf"]
[Date "2015.05.10"]
[Round "2"]
[White "Hottes, Dieter"]
[Black "Van Vorselen, Theo JM"]
[Result "1/2-1/2"]
[WhiteElo "2100"]
[BlackElo "1784"]
[PlyCount "59"]
[EventDate "2015.05.09"]
[EventType "swiss"]
[EventRounds "9"]
[EventCountry "GER"]
[SourceTitle "EXT 2018"]
[Source "ChessBase"]
[SourceDate "2017.10.13"]
[SourceVersion "1"]
[SourceVersionDate "2017.10.13"]
[SourceQuality "1"]

1. c4 e6 2. Nc3 d5 3. d4 Nf6 4. Nf3 Be7 5. g3 0-0 6. Bg2 b6 7. 0-0 Bb7 8. b3 Nbd7 9. Bb2 c6 10. e3 Rc8 11. Qe2 Qc7 12. Rac1 Qb8 13. Rfd1 Rfd8 14. cxd5 cxd5 15. Bf1 a6 16. Ne1 Rc7 17. Nd3 Rdc8 18. f4 Ne4 19. Nxe4 dxe4 20. Nf2 Rxc1 21. Rxc1 Rxc1 22. Bxc1 b5 23. Qc2 f5 24. Bd2 Nf6 25. Be2 Nd5 26. Kf1 Qc7 27. Bd1 Qxc2 28. Bxc2 b4 29. Nd1 Kf8 30. Nb2 1/2-1/2

[Event "Hessen-ch Seniors op 09th"]
[Site "Bad Sooden-Allendorf"]
[Date "2013.04.23"]
[Round "4"]
[White "Hellwege, Werner"]
[Black "Van Vorselen, Theo JM"]
[Result "1-0"]
[WhiteElo "1989"]
[BlackElo "1799"]
[PlyCount "67"]
[EventDate "2013.04.20"]
[EventType "swiss"]
[EventRounds "9"]
[EventCountry "GER"]
[SourceTitle "EXT 2019"]
[Source "ChessBase"]
[SourceDate "2018.10.10"]
[SourceVersion "1"]
[SourceVersionDate "2018.10.10"]
[SourceQuality "1"]

1. d4 d5 2. c4 e6 3. Nf3 Nf6 4. g3 Bb4+ 5. Nc3 dxc4 6. Bg2 Be7 7. 0-0 0-0 8. Ne5 c5 9. d5 exd5 10. Nxd5 Nxd5 11. Bxd5 Qc7 12. Nxc4 Nc6 13. Bf4 Qd7 14. Qd2 Nb4 15. Bg2 Qxd2 16. Bxd2 Be6 17. Rfc1 Rad8 18. Bxb4 cxb4 19. Bxb7 Bf6 20. Rab1 Bxc4 21. Rxc4 Rd2 22. Bf3 Rxb2 23. Rxb2 Bxb2 24. Rxb4 Ba3 25. Rb5 Rc8 26. Bg4 Rc1+ 27. Kg2 g6 28. Rb8+ Bf8 29. Rb7 a5 30. h4 Bb4 31. Rb8+ Bf8 32. Ra8 Rc4 33. Bd7 Rc7 34. Bb5 1-0

[Event "Hessen-ch Seniors op 09th"]
[Site "Bad Sooden-Allendorf"]
[Date "2013.04.21"]
[Round "2"]
[White "Fister, Horst Lothar"]
[Black "Van Vorselen, Theo JM"]
[Result "1/2-1/2"]
[WhiteElo "1629"]
[BlackElo "1799"]
[PlyCount "71"]
[EventDate "2013.04.20"]
[EventType "swiss"]
[EventRounds "9"]
[EventCountry "GER"]
[SourceTitle "EXT 2019"]
[Source "ChessBase"]
[SourceDate "2018.10.10"]
[SourceVersion "1"]
[SourceVersionDate "2018.10.10"]
[SourceQuality "1"]

1. Nf3 d5 2. d4 Nf6 3. e3 Bg4 4. c4 c6 5. Nc3 e6 6. h3 Bh5 7. g4 Bg6 8. Ne5 Bb4 9. a3 Ba5 10. b4 Bc7 11. cxd5 exd5 12. Nxg6 fxg6 13. Qf3 0-0 14. Qe2 Qe7 15. Bd2 Nbd7 16. Bg2 Nb6 17. 0-0 Nc4 18. e4 Nxd2 19. Qxd2 dxe4 20. Qg5 Qd6 21. Qe5 Qxe5 22. dxe5 Bxe5 23. Rac1 Bxc3 24. Rxc3 Rad8 25. Ra1 Rd2 26. a4 Nd5 27. Rg3 Rfxf2 28. Bxe4 Nf4 29. Re3 Rh2 30. b5 Nxh3+ 31. Kf1 Rdf2+ 32. Ke1 Ng5 33. bxc6 bxc6 34. Bxc6 h6 35. Rb1 Rb2 36. Rd1 1/2-1/2

[Event "Hessen-ch Seniors op 09th"]
[Site "Bad Sooden-Allendorf"]
[Date "2013.04.20"]
[Round "1"]
[White "Van Vorselen, Theo JM"]
[Black "Haase, Wolfgang"]
[Result "0-1"]
[WhiteElo "1799"]
[BlackElo "2119"]
[PlyCount "46"]
[EventDate "2013.04.20"]
[EventType "swiss"]
[EventRounds "9"]
[EventCountry "GER"]
[SourceTitle "EXT 2019"]
[Source "ChessBase"]
[SourceDate "2018.10.10"]
[SourceVersion "1"]
[SourceVersionDate "2018.10.10"]
[SourceQuality "1"]

1. e4 c5 2. Nf3 g6 3. d4 Bg7 4. c3 Qc7 5. Be3 d6 6. Be2 Nd7 7. 0-0 Ngf6 8. Nbd2 Ng4 9. Bf4 e5 10. dxe5 dxe5 11. Bg3 0-0 12. h3 Ngf6 13. Qc2 Nh5 14. Bh2 Nf4 15. Bc4 Nb6 16. Bxf4 exf4 17. Be2 h6 18. Rad1 Be6 19. Rfe1 g5 20. Nf1 Rae8 21. Bb5 Re7 22. N3h2 c4 23. f3 Qc5+ 0-1

[Event "Hessen-ch Seniors op 08th"]
[Site "Bad Sooden-Allendorf"]
[Date "2012.04.22"]
[Round "9"]
[White "Van Vorselen, Theo JM"]
[Black "Neumann, Peter1111"]
[Result "1-0"]
[WhiteElo "1852"]
[BlackElo "1828"]
[PlyCount "113"]
[EventDate "2012.04.14"]
[EventType "swiss"]
[EventRounds "9"]
[EventCountry "GER"]
[SourceTitle "EXT 2019"]
[Source "ChessBase"]
[SourceDate "2018.10.10"]
[SourceVersion "1"]
[SourceVersionDate "2018.10.10"]
[SourceQuality "1"]

1. e4 c5 2. Nf3 d6 3. d4 cxd4 4. Nxd4 Nf6 5. Nc3 Nc6 6. Bc4 e6 7. Be3 a6 8. Qe2 Qc7 9. Bb3 Be7 10. 0-0-0 e5 11. Nf5 0-0 12. g4 Be6 13. Nxe7+ Nxe7 14. g5 Ne8 15. f4 Bxb3 16. axb3 exf4 17. Bxf4 Ng6 18. Bg3 Qa5 19. Kb1 Qxg5 20. Rd5 Ne5 21. Rhd1 Qe7 22. Bxe5 dxe5 23. Rd7 Qb4 24. Nd5 Qb5 25. Qxb5 axb5 26. Rxb7 Kh8 27. Rxb5 Rd8 28. Nc3 Rxd1+ 29. Nxd1 f6 30. Rb8 Kg8 31. c4 Nd6 32. Rxf8+ Kxf8 33. Nc3 Ke7 34. Kc2 Kd7 35. Kd3 f5 36. exf5 Nxf5 37. Ke4 Ke6 38. Ne2 Nd6+ 39. Kf3 Kd7 40. c5 Nb5 41. b4 Ke6 42. Ke4 g6 43. Nc1 Nd4 44. Nd3 Nc6 45. b5 Nd4 46. Nxe5 Nxb5 47. b4 g5 48. h3 Nc3+ 49. Kd4 Ne2+ 50. Ke3 Kxe5 51. Kxe2 Kd5 52. Kf3 h5 53. Kg2 Kc6 54. Kg3 Kd5 55. Kf3 Kc6 56. Ke4 Kb5 57. Kf5 1-0

[Event "Hessen-ch Seniors op 08th"]
[Site "Bad Sooden-Allendorf"]
[Date "2012.04.20"]
[Round "7"]
[White "Van Vorselen, Theo JM"]
[Black "Wolff, Heinz"]
[Result "1-0"]
[WhiteElo "1852"]
[BlackElo "1630"]
[PlyCount "63"]
[EventDate "2012.04.14"]
[EventType "swiss"]
[EventRounds "9"]
[EventCountry "GER"]
[SourceTitle "EXT 2019"]
[Source "ChessBase"]
[SourceDate "2018.10.10"]
[SourceVersion "1"]
[SourceVersionDate "2018.10.10"]
[SourceQuality "1"]

1. e4 c6 2. d4 d5 3. exd5 cxd5 4. c4 Nf6 5. Nc3 Bf5 6. Nf3 Nc6 7. cxd5 Nxd5 8. Bc4 e6 9. a3 a6 10. Qe2 Be7 11. 0-0 0-0 12. Be3 b5 13. Ba2 h6 14. Rac1 Rc8 15. Rfe1 Bf6 16. Nxd5 exd5 17. h3 Be6 18. Bb1 Re8 19. Qd3 Kf8 20. b4 Ne7 21. g4 g5 22. Rxc8 Bxc8 23. Rc1 Be6 24. Qc2 Qc8 25. Qh7 Qd7 26. Qxh6+ Bg7 27. Qxg5 Rc8 28. Rc5 f6 29. Qf4 Nc6 30. Ng5 Re8 31. Nxe6+ Qxe6 32. Bf5 1-0

[Event "Hessen-ch Seniors op 08th"]
[Site "Bad Sooden-Allendorf"]
[Date "2012.04.17"]
[Round "4"]
[White "Van Vorselen, Theo JM"]
[Black "Huhn, Ulrich"]
[Result "1/2-1/2"]
[WhiteElo "1852"]
[BlackElo "2012"]
[PlyCount "117"]
[EventDate "2012.04.14"]
[EventType "swiss"]
[EventRounds "9"]
[EventCountry "GER"]
[SourceTitle "EXT 2019"]
[Source "ChessBase"]
[SourceDate "2018.10.10"]
[SourceVersion "1"]
[SourceVersionDate "2018.10.10"]
[SourceQuality "1"]

1. e4 d5 2. exd5 Nf6 3. c4 c6 4. d4 cxd5 5. Nc3 e6 6. Nf3 Nc6 7. cxd5 exd5 8. h3 Qb6 9. Bd3 Bd7 10. Qe2+ Be7 11. Be3 Nb4 12. Bb1 Qa6 13. Qxa6 Nxa6 14. 0-0 0-0 15. a3 Nc7 16. Bd3 a6 17. Rac1 Rac8 18. Rc2 Nb5 19. Rfc1 Nxc3 20. Rxc3 Rxc3 21. Rxc3 Rc8 22. Rxc8+ Bxc8 23. Ne5 Be6 24. g4 Ne4 25. f4 f6 26. Nf3 h5 27. f5 hxg4 28. hxg4 Bf7 29. Nd2 Nxd2 30. Bxd2 Bd8 31. Kf2 Bb6 32. Ke3 Kf8 33. Bb4+ Ke8 34. Bc2 Bd8 35. Ba4+ b5 36. Bc2 Be7 37. Bxe7 Kxe7 38. b4 Kd6 39. Kf4 Be8 40. Bd3 Bd7 41. Bc2 Be8 42. Bd3 Kc6 43. Be2 Kb6 44. Bd3 a5 45. Bc2 axb4 46. axb4 Kc6 47. Bd3 Kd6 48. Bc2 Ke7 49. Bd3 Kf8 50. Bc2 Kg8 51. Bb3 Bc6 52. Bc2 Kh7 53. Bd3 Kh6 54. Bc2 Be8 55. Bd3 Bc6 56. Bc2 Be8 57. Bd3 Bd7 58. Bc2 g6 59. Bd3 1/2-1/2

[Event "Hessen-ch Seniors op 08th"]
[Site "Bad Sooden-Allendorf"]
[Date "2012.04.15"]
[Round "2"]
[White "Van Vorselen, Theo JM"]
[Black "Piastowski, Kurt"]
[Result "1/2-1/2"]
[WhiteElo "1852"]
[BlackElo "1978"]
[PlyCount "55"]
[EventDate "2012.04.14"]
[EventType "swiss"]
[EventRounds "9"]
[EventCountry "GER"]
[SourceTitle "EXT 2019"]
[Source "ChessBase"]
[SourceDate "2018.10.10"]
[SourceVersion "1"]
[SourceVersionDate "2018.10.10"]
[SourceQuality "1"]

1. e4 c5 2. Nf3 d6 3. d4 cxd4 4. Nxd4 Nf6 5. Nc3 g6 6. Be2 Bg7 7. Be3 Nc6 8. 0-0 0-0 9. Nb3 Bd7 10. f4 a6 11. Bf3 Rb8 12. Qe2 Qc7 13. a4 Na5 14. Nxa5 Qxa5 15. Qf2 Ng4 16. Bxg4 Bxg4 17. Bd4 Be6 18. Bxg7 Kxg7 19. f5 Bd7 20. f6+ exf6 21. Qxf6+ Kg8 22. Nd5 Qc5+ 23. Kh1 Rbe8 24. Ne7+ Rxe7 25. Qxe7 Bc6 26. c3 Qe5 27. Qxe5 dxe5 28. a5 1/2-1/2

[Event "Hessen-ch Seniors op 07th"]
[Site "Bad Sooden-Allendorf"]
[Date "2011.05.03"]
[Round "4"]
[White "Klein, Klaus"]
[Black "Van Vorselen, Theo JM"]
[Result "1-0"]
[WhiteElo "1846"]
[BlackElo "1604"]
[PlyCount "85"]
[EventDate "2011.04.30"]
[EventType "swiss"]
[EventRounds "9"]
[EventCountry "GER"]
[SourceTitle "EXT 2012"]
[Source "ChessBase"]
[SourceDate "2011.11.24"]
[SourceVersion "1"]
[SourceVersionDate "2011.11.24"]
[SourceQuality "1"]

1. e4 c5 2. Nf3 Nc6 3. Bb5 g6 4. Bxc6 bxc6 5. d4 Bg7 6. 0-0 cxd4 7. Nxd4 Qb6 8. Nb3 d6 9. Be3 Qc7 10. Bd4 e5 11. Bc3 Nf6 12. Re1 0-0 13. N1d2 Be6 14. Nf3 Rab8 15. Qd3 Qe7 16. Na5 Qc7 17. Nc4 Nxe4 18. Qxe4 d5 19. Qe2 dxc4 20. Nxe5 Rb5 21. a4 Rd5 22. Qe3 Rfd8 23. Nf3 Bxc3 24. Qxc3 Rh5 25. Re5 Rxe5 26. Nxe5 Bd5 27. Nxc4 Qf4 28. Ne3 Qe4 29. b3 Be6 30. Rd1 Rxd1+ 31. Nxd1 Qd5 32. Ne3 Qd7 33. h3 h5 34. Kf1 Qd6 35. Ke2 Qd7 36. Qd3 Qc7 37. Qd4 Kh7 38. Qc5 Qd7 39. Nc4 Kg7 40. Qe5+ Kg8 41. Qb8+ Kg7 42. Nd6 Bd5 43. Ne8+ 1-0

[Event "Hessen-ch Seniors op 07th"]
[Site "Bad Sooden-Allendorf"]
[Date "2011.04.30"]
[Round "1"]
[White "Van Vorselen, Theo JM"]
[Black "Haase, Wolfgang"]
[Result "0-1"]
[WhiteElo "1604"]
[BlackElo "1948"]
[PlyCount "124"]
[EventDate "2011.04.30"]
[EventType "swiss"]
[EventRounds "9"]
[EventCountry "GER"]
[SourceTitle "EXT 2012"]
[Source "ChessBase"]
[SourceDate "2011.11.24"]
[SourceVersion "1"]
[SourceVersionDate "2011.11.24"]
[SourceQuality "1"]

1. e4 c5 2. Nf3 g6 3. d4 Bg7 4. Nc3 Nc6 5. Be3 cxd4 6. Nxd4 Nf6 7. Nb3 d6 8. Be2 0-0 9. 0-0 Bd7 10. f4 Qc7 11. Bf3 Na5 12. Nxa5 Qxa5 13. Qd2 Qc7 14. h3 Bc6 15. Rad1 b5 16. a3 a5 17. Bd4 Qb7 18. e5 Bxf3 19. Rxf3 dxe5 20. Bxe5 b4 21. axb4 axb4 22. Nd5 Nxd5 23. Qxd5 Qxd5 24. Rxd5 Rfc8 25. Bxg7 Kxg7 26. Rb5 Rc4 27. c3 bxc3 28. bxc3 Ra3 29. Rb7 Kf6 30. g4 Rcxc3 31. Rxc3 Rxc3 32. Kg2 Re3 33. Rb6+ Re6 34. Rb5 h6 35. Kf3 Re1 36. Rb6+ e6 37. Rb7 g5 38. Kf2 Rd1 39. fxg5+ hxg5 40. Rb3 Rd4 41. Rf3+ Ke7 42. Re3 Rf4+ 43. Kg3 Rf1 44. Re5 f6 45. Rb5 Rd1 46. Rb7+ Kd6 47. Rf7 Ke5 48. Rb7 Rd3+ 49. Kg2 f5 50. gxf5 exf5 51. Rb5+ Ke4 52. Rb4+ Rd4 53. Rb5 Kf4 54. Rb2 Re4 55. Rf2+ Ke5 56. Kg3 Re3+ 57. Kg2 f4 58. Rf3 Ke4 59. Rf1 Re2+ 60. Rf2 f3+ 61. Kg3 Rxf2 62. Kxf2 Kf4 0-1

[Event "Hessen-ch Seniors op 05th"]
[Site "Bad Sooden-Allendorf"]
[Date "2009.05.01"]
[Round "7"]
[White "Van Vorselen, Theo JM"]
[Black "Schmidt, Rainer"]
[Result "1/2-1/2"]
[WhiteElo "1862"]
[BlackElo "1730"]
[PlyCount "34"]
[EventDate "2009.04.25"]
[EventType "swiss"]
[EventRounds "9"]
[EventCountry "GER"]
[SourceTitle "EXT 2022"]
[Source "ChessBase"]
[SourceDate "2021.10.06"]
[SourceVersion "1"]
[SourceVersionDate "2021.10.06"]
[SourceQuality "1"]

1. e4 c5 2. Nf3 d6 3. d4 cxd4 4. Qxd4 Nc6 5. Bb5 Bd7 6. Bxc6 bxc6 7. c4 c5 8. Qd3 Bc6 9. b3 e6 10. Nc3 Nf6 11. 0-0 Be7 12. Re1 Qc7 13. Bg5 h6 14. Bc1 0-0 15. Bb2 Rad8 16. Qe2 Qb7 17. Rad1 Rfe8 1/2-1/2

[Event "Hessen-ch Seniors op 05th"]
[Site "Bad Sooden-Allendorf"]
[Date "2009.04.28"]
[Round "4"]
[White "Ghijsen, Pim"]
[Black "Van Vorselen, Theo JM"]
[Result "1/2-1/2"]
[WhiteElo "2008"]
[BlackElo "1862"]
[PlyCount "61"]
[EventDate "2009.04.25"]
[EventType "swiss"]
[EventRounds "9"]
[EventCountry "GER"]
[SourceTitle "EXT 2022"]
[Source "ChessBase"]
[SourceDate "2021.10.06"]
[SourceVersion "1"]
[SourceVersionDate "2021.10.06"]
[SourceQuality "1"]

1. d4 d5 2. Nf3 Nf6 3. c4 e6 4. Nc3 Be7 5. Bg5 0-0 6. e3 Nbd7 7. Bd3 dxc4 8. Bxc4 c5 9. 0-0 a6 10. a4 cxd4 11. exd4 Nb6 12. Bb3 Bd7 13. Qe2 Bc6 14. Rad1 Nfd5 15. Bd2 Bf6 16. Ne5 Rc8 17. a5 Nxc3 18. bxc3 Nd5 19. c4 Ne7 20. Bb4 Re8 21. Qa2 Qc7 22. Ng4 Qf4 23. Nxf6+ Qxf6 24. Rfe1 Rcd8 25. d5 exd5 26. cxd5 Bd7 27. Bxe7 Rxe7 28. Rxe7 Qxe7 29. d6 Qf6 30. Bd5 Be6 31. Bxe6 1/2-1/2

[Event "Hessen-ch Seniors op 05th"]
[Site "Bad Sooden-Allendorf"]
[Date "2009.04.26"]
[Round "2"]
[White "Hoffmann, Erich"]
[Black "Van Vorselen, Theo JM"]
[Result "1/2-1/2"]
[WhiteElo "1707"]
[BlackElo "1862"]
[PlyCount "48"]
[EventDate "2009.04.25"]
[EventType "swiss"]
[EventRounds "9"]
[EventCountry "GER"]
[SourceTitle "EXT 2022"]
[Source "ChessBase"]
[SourceDate "2021.10.06"]
[SourceVersion "1"]
[SourceVersionDate "2021.10.06"]
[SourceQuality "1"]

1. e4 c5 2. d4 cxd4 3. c3 dxc3 4. Nxc3 Nc6 5. Bc4 g6 6. Nf3 Bg7 7. Bd2 d6 8. 0-0 Nf6 9. Re1 0-0 10. h3 a6 11. a4 Qc7 12. Rc1 Qd8 13. Ba2 Bd7 14. Bg5 Rc8 15. Bd2 Nb4 16. Bb1 Be6 17. Ne2 Rxc1 18. Nxc1 Nc6 19. Bc3 Qd7 20. Ng5 Rc8 21. Nxe6 Qxe6 22. Bd2 Qd7 23. Nd3 Ne8 24. Qb3 e6 1/2-1/2